Mobile radio network design in the VHF and UHF bands : a practical approach
In this book you will find out how some of the most highly-regarded radio network designers around go about designing radio networks that actually meet the needs of the network subscriber and the network operator. It describes a well-proven framework that meets the essential need of ensuring that ea...
Na minha lista:
| Autor principal: | |
|---|---|
| Formato: | Livro |
| Idioma: | Undetermined |
| Publicado em: |
Chichester, West Sussex ; Hoboken, NJ
John Wiley
2007
|
| Assuntos: | |
| Tags: |
Adicionar Tag
Sem tags, seja o primeiro a adicionar uma tag!
|
| Thư viện lưu trữ: | Trung tâm Học liệu Trường Đại học Cần Thơ |
|---|
| LEADER | 01235nam a2200217Ia 4500 | ||
|---|---|---|---|
| 001 | CTU_132991 | ||
| 008 | 210402s9999 xx 000 0 und d | ||
| 020 | |c 1594659 | ||
| 082 | |a 621.384 | ||
| 082 | |b G738 | ||
| 100 | |a Graham, Adrian W. | ||
| 245 | 0 | |a Mobile radio network design in the VHF and UHF bands : | |
| 245 | 2 | |b a practical approach | |
| 245 | 0 | |c Adrian W. Graham, Nicholas C. Kirkman, Peter M. Paul | |
| 260 | |a Chichester, West Sussex ; Hoboken, NJ | ||
| 260 | |b John Wiley | ||
| 260 | |c 2007 | ||
| 520 | |a In this book you will find out how some of the most highly-regarded radio network designers around go about designing radio networks that actually meet the needs of the network subscriber and the network operator. It describes a well-proven framework that meets the essential need of ensuring that each step of the design project is carried out against known, unique and unambiguous requirements, and that these requirements have been extensively validated against the original requirements | ||
| 650 | |a Wireless communication systems,Shortwave radio,Hệ thống truyền thông vô tuyến,Sóng vô tuyến | ||
| 904 | |i Nguyên | ||
| 980 | |a Trung tâm Học liệu Trường Đại học Cần Thơ | ||